000 00317 a2200133 4500
001 153768
040 _cEscola São Tomás de Aquino
100 _aCOELHO, Ronaldo Simões
240 1 0 _a Dormir fora de casa
_lpor
245 1 0 _a Dormir fora de casa
362 0 _a1989
697 _a*LITERATURA INFANTIL
942 _cBK
999 _c153768
_d153768